تحميل...

വിഭജനത്തിന്റെ വിവിധ വശങ്ങള്‍ /

التفاصيل البيبلوغرافية
المؤلف الرئيسي: ബീരാന്‍, യു. എ
مؤلفون آخرون: Beeran, U. A
التنسيق: Printed Book
اللغة:English
منشور في: തിരൂരങ്ങാടി : ആല്‍ഫവണ്‍, 1995.
الطبعة:1st ed.
الموضوعات:
LEADER 00797nam a22001937a 4500
008 170823b xxu||||| |||| 00| 0 eng d
999 |c 20023  |d 20023 
082 |a C 954.035  |b BEE 
100 |a ബീരാന്‍, യു. എ 
240 |a Vibajanathinte vivida vashangal 
245 |a വിഭജനത്തിന്റെ വിവിധ വശങ്ങള്‍ /  |c യു. എ. ബീരാന്‍ 
250 |a 1st ed. 
260 |c 1995.  |a തിരൂരങ്ങാടി :  |b ആല്‍ഫവണ്‍, 
300 |a 50p. 
650 |a India partition 
650 |a Freedom fight 
700 |a Beeran, U. A 
942 |2 ddc  |c REF 
952 |0 0  |1 0  |2 ddc  |4 0  |6 C_954_035000000000000_BEE  |7 0  |9 27756  |a MAIN  |b MAIN  |d 2017-08-23  |e Chirakkal Koya Shekharam  |g 15.00  |o C 954.035 BEE  |p 10713  |r 2017-08-23  |w 2017-08-23  |y REF